Count all the way to Sesame Street / (Record no. 83)

MARC details
000 -LEADER
fixed length control field 01287nam a22003617a 4500
001 - CONTROL NUMBER
control field 83
003 - CONTROL NUMBER IDENTIFIER
control field FISKH
005 - DATE AND TIME OF LATEST TRANSACTION
control field 20230222091548.0
008 - FIXED-LENGTH DATA ELEMENTS--GENERAL INFORMATION
fixed length control field 230222b cb ||||| |||| 00| 0 eng d
010 ## - LIBRARY OF CONGRESS CONTROL NUMBER
LC control number 84072877
020 ## - INTERNATIONAL STANDARD BOOK NUMBER
International Standard Book Number 0307020231
020 ## - INTERNATIONAL STANDARD BOOK NUMBER
International Standard Book Number 0307602842 (lib. bdg.)
040 ## - CATALOGING SOURCE
Original cataloging agency DLC
Transcribing agency DLC
Modifying agency DLC
042 ## - AUTHENTICATION CODE
Authentication code lcac
050 00 - LIBRARY OF CONGRESS CALL NUMBER
Classification number PZ7.A5185
Item number Co 1985
082 00 - DEWEY DECIMAL CLASSIFICATION NUMBER
Classification number 724.6
Edition number 19
100 1# - MAIN ENTRY--PERSONAL NAME
Personal name Anastasio, Dina.
245 10 - TITLE STATEMENT
Title Count all the way to Sesame Street /
Statement of responsibility, etc. by Dina Anastasio ; illustrated by Richard Brown ; featuring Jim Henson's Sesame Street Muppets.
260 ## - PUBLICATION, DISTRIBUTION, ETC.
Place of publication, distribution, etc. Racine, Wis. :
Name of publisher, distributor, etc. Western Pub. Co. :
Place of publication, distribution, etc. [New York] :
Name of publisher, distributor, etc. Children's Television Workshop,
Date of publication, distribution, etc. 1985.
300 ## - PHYSICAL DESCRIPTION
Extent [24] p. :
Other physical details col. ill. ;
Dimensions 21 cm.
490 0# - SERIES STATEMENT
Series statement A Little golden book
500 ## - GENERAL NOTE
General note "A Sesame Street/Golden Press book."
500 ## - GENERAL NOTE
General note "Inspired by Sesame Street presents--Follow that bird!"
520 ## - SUMMARY, ETC.
Summary, etc. While searching for Big Bird, the Count introduces the numbers from one to twelve.
521 8# - TARGET AUDIENCE NOTE
Target audience note 500
Source Lexile
521 8# - TARGET AUDIENCE NOTE
Target audience note H <br/>
Source Raz-Plus
650 #1 - SUBJECT ADDED ENTRY--TOPICAL TERM
Topical term or geographic name entry element Counting.
650 #1 - SUBJECT ADDED ENTRY--TOPICAL TERM
Topical term or geographic name entry element Puppets
General subdivision Fiction.
700 1# - ADDED ENTRY--PERSONAL NAME
Personal name Brown, Richard E.
Fuller form of name (Richard Eric),
Dates associated with a name 1946,
Relator term ill.
730 0# - ADDED ENTRY--UNIFORM TITLE
Uniform title Follow that bird! (Motion picture)
906 ## - LOCAL DATA ELEMENT F, LDF (RLIN)
a 7
b cbc
c orignew
d 3
e opcn
f 19
g y-gencatlg
942 ## - ADDED ENTRY ELEMENTS (KOHA)
Source of classification or shelving scheme Dewey Decimal Classification
Koha item type Books
Suppress in OPAC No
Holdings
Withdrawn status Lost status Source of classification or shelving scheme Damaged status Not for loan Collection Home library Current library Shelving location Date acquired Total Checkouts Full call number Barcode Date last seen Date last checked out Price effective from Koha item type
    Dewey Decimal Classification     Juvenile Fiction Footprints International School Library Network Toul Kork Campus Footprints International School Library Network Toul Kork Campus   02/22/2023 1 ANA 724.6 PZ7.A5185 FISBK00139 09/07/2023 08/08/2023 02/22/2023 Books